[Event "Trieste op 10th"]
[Site "Trieste"]
[Date "2008.09.03"]
[Round "5"]
[White "Vitri, Sergio"]
[Black "Heikkila, Antti"]
[Result "0-1"]
[WhiteElo "2132"]
[BlackElo "1993"]
[PlyCount "66"]
[EventDate "2008.08.31"]
[EventType "swiss"]
[EventRounds "9"]
[EventCountry "ITA"]
[SourceTitle "CBM 126 Extra"]
[Source "ChessBase"]
[SourceDate "2008.11.05"]
[SourceVersion "1"]
[SourceVersionDate "2008.11.05"]
[SourceQuality "1"]

1. d4 c5 2. d5 g6 3. c4 Bg7 4. Nc3 Nf6 5. Nf3 0-0 6. e4 d6 7. Be2 e6 8. 0-0 exd5 9. cxd5 a6 10. a4 Nbd7 11. Bg5 h6 12. Bh4 Re8 13. Nd2 Rb8 14. Qc2 g5 15. Bg3 Ne5 16. Bxe5 Rxe5 17. Nc4 Re8 18. a5 Qe7 19. Rfe1 Nh7 20. Bd3 Nf8 21. Na4 Ng6 22. Nab6 Bd4 23. Ne3 Ne5 24. Nxc8 Rbxc8 25. Nf5 Qf6 26. Rab1 c4 27. Bf1 Bc5 28. b4 Ba7 29. b5 axb5 30. Rxb5 Nd3 31. Re2 Nf4 32. Rxb7 Nxe2+ 33. Qxe2 Qxf5 0-1

[Event "Trieste op 10th"]
[Site "Trieste"]
[Date "2008.08.31"]
[Round "2"]
[White "Tonel, Giulia"]
[Black "Vitri, Sergio"]
[Result "1/2-1/2"]
[WhiteElo "1983"]
[BlackElo "2132"]
[PlyCount "52"]
[EventDate "2008.08.31"]
[EventType "swiss"]
[EventRounds "9"]
[EventCountry "ITA"]
[SourceTitle "CBM 126 Extra"]
[Source "ChessBase"]
[SourceDate "2008.11.05"]
[SourceVersion "1"]
[SourceVersionDate "2008.11.05"]
[SourceQuality "1"]

1. e4 Nf6 2. e5 Nd5 3. d4 d6 4. c4 Nb6 5. exd6 exd6 6. Nc3 Nc6 7. Be3 Be7 8. Rc1 0-0 9. Bd3 Re8 10. Nge2 Nb4 11. 0-0 Nxd3 12. Qxd3 g6 13. b3 c6 14. f3 Bg5 15. f4 Bf6 16. Ng3 Bh4 17. f5 Bxg3 18. fxg6 Bxh2+ 19. Kxh2 hxg6 20. Qd2 Qh4+ 21. Kg1 Bf5 22. Bg5 Qg4 23. Bf6 Nd7 24. Rf4 Qg3 25. Rf3 Qg4 26. Rf4 Qg3 1/2-1/2

[Event "Trieste op 10th"]
[Site "Trieste"]
[Date "2008.08.31"]
[Round "1"]
[White "Vitri, Sergio"]
[Black "Banusz, Tamas"]
[Result "0-1"]
[WhiteElo "2132"]
[BlackElo "2481"]
[PlyCount "46"]
[EventDate "2008.08.31"]
[EventType "swiss"]
[EventRounds "9"]
[EventCountry "ITA"]
[SourceTitle "CBM 126 Extra"]
[Source "ChessBase"]
[SourceDate "2008.11.05"]
[SourceVersion "1"]
[SourceVersionDate "2008.11.05"]
[SourceQuality "1"]

1. d4 d5 2. c4 e6 3. Nc3 c6 4. Nf3 Nf6 5. Bg5 dxc4 6. e3 b5 7. a4 Bb4 8. Nd2 Bb7 9. Qf3 a6 10. Be2 Nbd7 11. axb5 axb5 12. 0-0 0-0 13. Nde4 Be7 14. Nxf6+ Nxf6 15. Nxb5 Rxa1 16. Rxa1 Qb6 17. Nc3 c5 18. Qf4 Qxb2 19. Rb1 Qxc3 20. Rxb7 Nd5 21. Qe5 Qe1+ 22. Bf1 Bxg5 23. Qxg5 c3 0-1

[Event "ITA-chT"]
[Site "Palermo"]
[Date "2007.04.20"]
[Round "2"]
[White "Vitri, Sergio"]
[Black "Ferro, Mario"]
[Result "0-1"]
[WhiteElo "2132"]
[BlackElo "2235"]
[PlyCount "108"]
[EventDate "2007.04.20"]
[EventType "team"]
[EventRounds "5"]
[EventCountry "ITA"]
[SourceTitle "CBM 117 Extra"]
[Source "ChessBase"]
[SourceDate "2007.05.09"]
[SourceVersion "1"]
[SourceVersionDate "2007.05.09"]
[SourceQuality "1"]

1. d4 Nf6 2. Nf3 e6 3. Bg5 c5 4. c3 d5 5. e3 Nc6 6. Bd3 Bd6 7. 0-0 h6 8. Bh4 Qe7 9. Nbd2 g5 10. Bg3 Bxg3 11. hxg3 Bd7 12. c4 0-0-0 13. Rc1 dxc4 14. Rxc4 g4 15. Ne5 cxd4 16. exd4 Kb8 17. Qe2 h5 18. Ne4 Nd5 19. Nc5 Be8 20. Rfc1 Na5 21. Ng6 fxg6 22. Qe5+ Ka8 23. Qxh8 Nxc4 24. Bxc4 Bb5 25. Qe5 Bxc4 26. Rxc4 Nb6 27. Nxe6 Qd6 28. Rc5 Qxe5 29. Rxe5 Rg8 30. f3 gxf3 31. gxf3 Nc4 32. Re2 Kb8 33. b3 Nd6 34. Kf2 Kc8 35. a4 Kd7 36. Re5 b6 37. Ke3 Nf5+ 38. Kf4 Re8 39. g4 hxg4 40. fxg4 Nd6 41. d5 Nf7 42. Re3 a5 43. Rh3 Kd6 44. Rh7 Ne5 45. Rb7 Nd7 46. Kg5 Re7 47. Nf4 Rf7 48. Ra7 Kc5 49. Nxg6 Kxd5 50. Nf8 Rxf8 51. Rxd7+ Kc5 52. Rc7+ Kd6 53. Rg7 Rf3 54. Rg6+ Kc5 0-1

[Event "Trieste op 08th"]
[Site "Trieste"]
[Date "2006.09.07"]
[Round "7"]
[White "Vitri, Sergio"]
[Black "Van der Plas, Rob"]
[Result "1/2-1/2"]
[WhiteElo "2105"]
[BlackElo "2198"]
[PlyCount "120"]
[EventDate "2006.09.02"]
[EventType "swiss"]
[EventRounds "9"]
[EventCountry "ITA"]
[SourceTitle "CBM 114 Extra"]
[Source "ChessBase"]
[SourceDate "2006.11.03"]
[SourceVersion "1"]
[SourceVersionDate "2006.11.03"]
[SourceQuality "1"]

1. d4 e6 2. Nf3 d5 3. c4 Nf6 4. cxd5 exd5 5. Nc3 c6 6. Qc2 g6 7. Bf4 Bg7 8. e3 Bf5 9. Bd3 Bxd3 10. Qxd3 0-0 11. 0-0 Re8 12. b4 Nbd7 13. Na4 Nh5 14. Bg5 Qc7 15. Rac1 h6 16. Bh4 g5 17. Bg3 Nxg3 18. hxg3 a6 19. Qf5 Nf6 20. Ne5 Ne4 21. Nd3 Re7 22. Nc3 Nd6 23. Qf3 Nc4 24. Rc2 Qd6 25. a4 Qg6 26. Rd1 Rae8 27. g4 Nd6 28. b5 axb5 29. axb5 f5 30. bxc6 bxc6 31. Ne2 fxg4 32. Qxg4 h5 33. Nef4 Qxd3 34. Nxd3 hxg4 35. Rxc6 Ne4 36. Nb4 Rd7 37. Rb6 Rf8 38. Rf1 Rf5 39. Rb5 Nc3 40. Rb8+ Bf8 41. Ra1 g3 42. Nd3 Rdf7 43. f3 Rh7 44. Raa8 Nd1 45. Re8 g4 46. Nf4 Nf2 47. Kf1 gxf3 48. gxf3 Rh2 49. Ne6 Nh3 50. Rxf8+ Rxf8 51. Rxf8+ Kh7 52. Nf4 Rf2+ 53. Ke1 Rxf3 54. Rf5 Nxf4 55. exf4 Kg6 56. Rg5+ Kf6 57. Ke2 Rxf4 58. Rxg3 Rxd4 59. Rg8 Ra4 60. Kd3 Kf5 1/2-1/2

[Event "Trieste op 08th"]
[Site "Trieste"]
[Date "2006.09.02"]
[Round "1"]
[White "Vitri, Sergio"]
[Black "Korneev, Oleg"]
[Result "0-1"]
[WhiteElo "2105"]
[BlackElo "2638"]
[PlyCount "72"]
[EventDate "2006.09.02"]
[EventType "swiss"]
[EventRounds "9"]
[EventCountry "ITA"]
[SourceTitle "CBM 114 Extra"]
[Source "ChessBase"]
[SourceDate "2006.11.03"]
[SourceVersion "1"]
[SourceVersionDate "2006.11.03"]
[SourceQuality "1"]

1. d4 d5 2. c4 e6 3. Nc3 c6 4. cxd5 exd5 5. Qc2 Bd6 6. Nf3 Ne7 7. Bg5 f6 8. Bh4 Bf5 9. Qd2 Nd7 10. e3 0-0 11. Bd3 Nb6 12. b3 Qd7 13. Bg3 Nbc8 14. 0-0 Bxg3 15. hxg3 Nd6 16. Rfe1 Qe6 17. Qc2 Bxd3 18. Qxd3 Ne4 19. Rac1 f5 20. b4 Rf6 21. Ne2 Rh6 22. Nf4 Qd6 23. Qc2 g5 24. Nd3 Qg6 25. Red1 Qh5 26. Kf1 Qh1+ 27. Ng1 Rh2 28. Ne1 f4 29. exf4 Rf8 30. Rd3 gxf4 31. g4 Ng6 32. Rh3 Rxh3 33. gxh3 Ng3+ 34. fxg3 fxg3+ 35. Ke2 Rf2+ 36. Kd3 Qxg1 0-1

[Event "ITA-chT 38th"]
[Site "Porto San Giorgio"]
[Date "2006.04.21"]
[Round "1.4"]
[White "Vitri, Sergio"]
[Black "Falchetta, Giovanni"]
[Result "1/2-1/2"]
[WhiteElo "2105"]
[BlackElo "2202"]
[PlyCount "79"]
[EventDate "2006.04.21"]
[EventType "team-swiss"]
[EventRounds "5"]
[EventCountry "ITA"]
[SourceTitle "EXT 2022"]
[Source "ChessBase"]
[SourceDate "2021.10.06"]
[SourceVersion "1"]
[SourceVersionDate "2021.10.06"]
[SourceQuality "1"]
[WhiteTeam "Triestina"]
[BlackTeam "Reggio Emilia Studio Alfa"]
[WhiteTeamCountry "ITA"]
[BlackTeamCountry "ITA"]

1. d4 d5 2. c4 c6 3. Nf3 Nf6 4. Nc3 e6 5. cxd5 exd5 6. Bg5 Nbd7 7. e3 Bd6 8. Bd3 h6 9. Bh4 0-0 10. 0-0 Re8 11. Qc2 Nf8 12. Bg3 Bxg3 13. hxg3 Qd6 14. Rab1 a5 15. a3 Ne6 16. b4 axb4 17. axb4 Ng5 18. Nxg5 hxg5 19. b5 c5 20. dxc5 Qxc5 21. Na4 Qxc2 22. Bxc2 Bf5 23. Bxf5 Rxa4 24. Rfc1 g6 25. Bc8 Re7 26. b6 Ne8 27. Rc5 Rc4 28. Rc1 Nd6 29. R1xc4 Nxc4 30. Rc7 Kf8 31. Rxb7 Rxb7 32. Bxb7 Nxb6 33. Kf1 Ke7 34. Ke2 Kd6 35. Kd3 Kc5 36. Kc3 Na4+ 37. Kb3 Nb6 38. Kc3 Na4+ 39. Kd3 Nb6 40. Kc3 1/2-1/2

[Event "Portoroz op"]
[Site "Portoroz"]
[Date "1995.??.??"]
[Round "?"]
[White "Ruzzier, Dario"]
[Black "Vitri, Sergio"]
[Result "0-1"]
[WhiteElo "1905"]
[BlackElo "2055"]
[PlyCount "48"]
[EventDate "1995.04.??"]
[EventType "swiss"]
[EventRounds "9"]
[EventCountry "SLO"]
[SourceTitle "CBM 046 Extra"]
[Source "ChessBase"]
[SourceDate "1995.07.01"]
[SourceVersion "1"]
[SourceVersionDate "1995.07.01"]
[SourceQuality "1"]

1. d4 Nf6 2. c4 c5 3. d5 b5 4. cxb5 a6 5. bxa6 Bxa6 6. Nc3 d6 7. e4 Bxf1 8. Kxf1 g6 9. Nf3 Nbd7 10. h3 Bg7 11. Kg1 0-0 12. Kh2 Qc7 13. Re1 Rfb8 14. Qe2 Rb4 15. Kh1 Qb7 16. e5 dxe5 17. Nxe5 Nxe5 18. a3 Nxd5 19. Nxd5 Qxd5 20. Bg5 Rb3 21. Rad1 Rxh3+ 22. Kg1 Rd3 23. Bxe7 Re8 24. Bxc5 Rxd1 0-1